<?xml version="1.0" encoding="UTF-8"?>
<record
    xmlns:xsi="http://www.w3.org/2001/XMLSchema-instance"
    xsi:schemaLocation="http://www.loc.gov/MARC21/slim http://www.loc.gov/standards/marcxml/schema/MARC21slim.xsd"
    xmlns="http://www.loc.gov/MARC21/slim">

  <leader>00644nam a2200181Ia 4500</leader>
  <controlfield tag="003">STCL</controlfield>
  <controlfield tag="008">181203s9999    xx            000 0 und d</controlfield>
  <datafield tag="020" ind1=" " ind2=" ">
    <subfield code="a">9788126474899</subfield>
  </datafield>
  <datafield tag="040" ind1=" " ind2=" ">
    <subfield code="a">STCL</subfield>
    <subfield code="b">EN</subfield>
    <subfield code="c">STCL</subfield>
  </datafield>
  <datafield tag="082" ind1=" " ind2=" ">
    <subfield code="2">22</subfield>
  </datafield>
  <datafield tag="100" ind1=" " ind2=" ">
    <subfield code="a">Shajikumar, P.V.</subfield>
  </datafield>
  <datafield tag="245" ind1=" " ind2="0">
    <subfield code="a">&#xD07;&#xD24;&#xD3E; &#xD07;&#xD28;&#xD4D;&#xD28;&#xD41;&#xD2E;&#xD41;&#xD24;&#xD7D; &#xD07;&#xD24;&#xD3E; &#xD07;&#xD28;&#xD4D;&#xD28;&#xD32;&#xD46; &#xD35;&#xD30;&#xD46;: &#xD13;&#xD7C;&#xD2E;&#xD4D;&#xD2E;&#xD15;&#xD33;&#xD41;&#xD1F;&#xD46;&#xD2F;&#xD41;&#xD02; &#xD05;&#xD28;&#xD41;&#xD2D;&#xD35;&#xD19;&#xD4D;&#xD19;&#xD33;&#xD41;&#xD1F;&#xD46;&#xD2F;&#xD41;&#xD02; &#xD2A;&#xD41;&#xD38;&#xD4D;&#xD24;&#xD15;&#xD02; </subfield>
  </datafield>
  <datafield tag="246" ind1=" " ind2=" ">
    <subfield code="a">Itha Innumuthal Itha Innalevare: Ormakaludeyum Anubhavangaludeyum Pusthakam</subfield>
  </datafield>
  <datafield tag="260" ind1=" " ind2=" ">
    <subfield code="b">DC Books</subfield>
    <subfield code="a">Kottayam</subfield>
    <subfield code="c">2017</subfield>
  </datafield>
  <datafield tag="300" ind1=" " ind2=" ">
    <subfield code="a">104</subfield>
  </datafield>
  <datafield tag="546" ind1=" " ind2=" ">
    <subfield code="a">Malayalam</subfield>
  </datafield>
  <datafield tag="942" ind1=" " ind2=" ">
    <subfield code="2">ddc</subfield>
    <subfield code="c">BK</subfield>
  </datafield>
  <datafield tag="999" ind1=" " ind2=" ">
    <subfield code="c">85254</subfield>
    <subfield code="d">85254</subfield>
  </datafield>
  <datafield tag="952" ind1=" " ind2=" ">
    <subfield code="0">0</subfield>
    <subfield code="1">0</subfield>
    <subfield code="2">ddc</subfield>
    <subfield code="4">0</subfield>
    <subfield code="7">0</subfield>
    <subfield code="a">STCAL</subfield>
    <subfield code="b">STCAL</subfield>
    <subfield code="c">GEN</subfield>
    <subfield code="d">2018-12-03</subfield>
    <subfield code="l">1</subfield>
    <subfield code="o">M920 SHA-I</subfield>
    <subfield code="p">93767</subfield>
    <subfield code="r">2022-11-15 00:00:00</subfield>
    <subfield code="s">2022-10-13</subfield>
    <subfield code="w">2018-12-03</subfield>
    <subfield code="y">BK</subfield>
  </datafield>
</record>
